000 00620cam a2200193 a 4500
001 000007909
005 20200929154339.0
008 880419s1986 pr 000 0 spa
020 _a0865813965
040 _aDO-SdBNP
_cDLC
_dDLC
082 _aPR863.44
_bV856m
100 1 _aVivas Maldonado, José Luis.
_921692
245 1 0 _aMis cuentos /
_cJosé Luis Vivas Maldonado.
260 _aSan Juan, Puerto Rico :
_bInstituto de Cultura Puertorriqueña,
_c1986.
300 _a263 p. ;
_c23 cm.
650 4 _aCuento puertorriqueño
_914127
650 4 _aLiteratura puertorriqueña
_9250
910 _aCatalogación por copia / LC
999 _c7687
_d7687